| 000 | 00616nam a2200217Ia 4500 | ||
|---|---|---|---|
| 005 | 20230607115128.0 | ||
| 008 | 131103s9999 xx 000 0 und d | ||
| 040 | _aLoreto College | ||
| 041 | _aEnglish | ||
| 082 |
_a808.3 _bBRO |
||
| 100 | _aBrooks, Cleanth | ||
| 245 |
_aUnderstanding fiction _cCleanth Brooks and Robert Penn Warren |
||
| 260 |
_aNew York _bF.S. Crofts &Co. _c1948 |
||
| 300 | _axix,608 p. | ||
| 504 | _aIncludes appendix and glossary | ||
| 650 | _aLiterature - | ||
| 651 | _aRhetoric- Fiction - Fiction Technique - | ||
| 700 | _aWarren, Robert Penn | ||
| 850 | _aLCLIB | ||
| 942 | _cBK | ||
| 999 |
_c1009 _d51488 |
||